000 02195nam0a2200457 4500
001 RU\NLR\bibl\1363069
005 20260408185657.0
010 _a978-5-901912-38-6
_9500
021 _aRU
_b2009-17971
_91065
035 _a(NLR Aleph) 001355233
035 _a(nilc)RSL-KNO-004262692
090 _a946404
_c946404
100 _a20090311d2009 k y0rusy50 ca
101 0 _arus
102 _aRU
105 _aa |||||||||
200 1 _aУтилизация отходов горно-металлургических предприятий
_fА.М. Паньшин, С.И. Евдокимов, А.Б. Солоденко, А.Б. Дзайнуков
210 _aВладикавказ
_cМавр
_d2009
215 _a194, [1] с.
_cил., карт.
_d21
320 _aБиблиогр. в конце гл.
606 1 _aЦветная металлургия
_xОтходы
_xИспользование
_91330423
_3RU\NLR\auth\66238341
606 _aХвосты (горн.)
_xПереработка комплексная
_3RU\NLR\auth\661195369
_91982080
610 0 _aГорное дело -- Обогащение полезных ископаемых -- Хвостовое хозяйство обогатительных фабрик -- Техногенные месторождения -- Руды металлов
610 0 _aТехнология металлов -- Металлургия -- Отходы и их использование
610 0 _aлежалые хвосты обогащения
610 0 _aлом аккумуляторов
686 _aИ419,3,0
_2rubbk
686 _aК309,0
_2rubbk
686 _aИ419
686 _aК339
701 1 _aПаньшин
_bА. М.
_gАндрей Михайлович
_4070
701 1 _aЕвдокимов
_bС. И.
_gСергей Иванович
_4070
701 1 _aСолоденко
_bА. Б.
_gАлександр Борисович
_4070
701 1 _aДзайнуков
_bА. Б.
_gАлихан Бикбаевич
_4070
801 0 _aRU
_bРКП
_c20090311
_grcr
801 1 _aRU
_bРГБ
_c20090311
801 2 _aRU
_bNLR
_c20090430
_grcr
830 _aавт. по кн.
942 _cBOOK
980 _aNB